000 00287nam a22001337a 4500
008 180316b xxu||||| |||| 00| 0 eng d
020 _a9781269894296
041 _aeng
080 _a7
100 _a44
101 _aart
245 _aa world of art
_csaymyre.h.m
942 _2udc
_cBK
999 _c45274
_d45274